000 00570nam a2200193 i 4500
001 102255
003 ES-MaACL
005 20230906183054.0
007 t|
008 051107s1982 sp ||||1| spa d
100 1 _aMendoza Carreño, Manuel.
_980258
245 1 0 _aApuntes sobre Priego de Córdoba /
_cManuel Mendoza Carreño.
260 _aCórdoba :
_bEl Almendro,
_c1982.
300 _a140 p. :
_bil. ;
_c19 cm.
490 1 _aHistoria local ;
_v1
830 0 _aHistoria local ;
_v1
_9232515
852 _aES-MaACL
_jL-2149
_bR.103140
999 _c102255
_d102255